|
|
|
|
| LEADER |
01613cas a2200241 a 4500 |
| 001 |
AALejournalIMF007016 |
| 008 |
230101c9999 xx r poo 0 0eng d |
| 020 |
|
|
|c 5.00 USD
|
| 020 |
|
|
|z 9781455211920
|
| 022 |
|
|
|a 1018-5941
|
| 040 |
|
|
|a BD-DhAAL
|c BD-DhAAL
|
| 100 |
1 |
|
|a Bhatia, Ashok.
|
| 245 |
1 |
0 |
|a Consolidated Regulation and Supervision in the United States /
|c Ashok Bhatia.
|
| 264 |
|
1 |
|a Washington, D.C. :
|b International Monetary Fund,
|c 2011.
|
| 300 |
|
|
|a 1 online resource (25 pages)
|
| 490 |
1 |
|
|a IMF Working Papers
|
| 500 |
|
|
|a <strong>Off-Campus Access:</strong> No User ID or Password Required
|
| 500 |
|
|
|a <strong>On-Campus Access:</strong> No User ID or Password Required
|
| 506 |
|
|
|a Electronic access restricted to authorized BRAC University faculty, staff and students
|
| 520 |
3 |
|
|a This paper builds on a Technical Note produced as part of the IMF's 2010 Financial Sector Assessment Program (FSAP) review of the United States. It addresses enterprise-wide oversight of financial groups, a key tool to mitigate systemic risk. Focusing on legal arrangements, it recommends eliminating exceptions for holding companies owning certain limited-purpose banks, harmonizing arrangements for bank and thrift holding companies, and bringing into the net a few systemic nonbank financial groups, with the Federal Reserve as the sole consolidated regulator and supervisor.
|
| 538 |
|
|
|a Mode of access: Internet
|
| 830 |
|
0 |
|a IMF Working Papers; Working Paper ;
|v No. 2011/023
|
| 856 |
4 |
0 |
|z Full text available on IMF
|u http://elibrary.imf.org/view/journals/001/2011/023/001.2011.issue-023-en.xml
|z IMF e-Library
|